[Event "Niedersachsen-ch op C"]
[Site "Verden"]
[Date "2018.01.07"]
[Round "7"]
[White "Kumas, Alina"]
[Black "Reuker, Ronja"]
[Result "0-1"]
[WhiteElo "1062"]
[BlackElo "1361"]
[PlyCount "100"]
[EventDate "2018.01.04"]
[EventType "swiss"]
[EventRounds "7"]
[EventCountry "GER"]
[SourceTitle "EXT 2022"]
[Source "ChessBase"]
[SourceDate "2021.10.06"]
[SourceVersion "1"]
[SourceVersionDate "2021.10.06"]
[SourceQuality "1"]

1. e4 e5 2. Nf3 Nc6 3. Nc3 Nf6 4. Bb5 Bb4 5. 0-0 d6 6. h3 0-0 7. a3 Bc5 8. b4 Bb6 9. Re1 Nd4 10. Bc4 a5 11. Bb2 Be6 12. Bd3 axb4 13. axb4 Re8 14. Na4 Ba7 15. c3 Bb3 16. Qc1 Nxf3+ 17. gxf3 Qd7 18. Bc2 Bxc2 19. Qxc2 Qxh3 20. Qd3 Nh5 21. Qf1 Qxf3 22. d4 exd4 23. Qe2 Qxe2 24. Rxe2 b5 25. cxd4 bxa4 26. Rxa4 Bb6 27. Rxa8 Rxa8 28. d5 Ra4 29. Bc3 Nf4 30. Rd2 f6 31. Kh2 Ra3 32. Bb2 Rb3 33. Rc2 Rxb4 34. f3 Kf7 35. Kg3 Nd3 36. Ba1 Ra4 37. Rd2 Rxa1 38. Rxd3 Rg1+ 39. Kf4 Rg5 40. Rc3 h5 41. Rc1 h4 42. Rh1 Bf2 43. Rf1 Bg3+ 44. Ke3 h3 45. Ke2 h2 46. Rh1 Be5 47. Kf1 Kg6 48. Kf2 Kh5 49. Rc1 Bd4+ 50. Ke2 Rg1 0-1

[Event "Niedersachsen-ch op C"]
[Site "Verden"]
[Date "2018.01.04"]
[Round "1"]
[White "Vianden, Ella"]
[Black "Reuker, Ronja"]
[Result "1-0"]
[WhiteElo "1107"]
[BlackElo "1361"]
[PlyCount "81"]
[EventDate "2018.01.04"]
[EventType "swiss"]
[EventRounds "7"]
[EventCountry "GER"]
[SourceTitle "EXT 2022"]
[Source "ChessBase"]
[SourceDate "2021.10.06"]
[SourceVersion "1"]
[SourceVersionDate "2021.10.06"]
[SourceQuality "1"]

1. e4 e5 2. Nf3 Nc6 3. Bb5 a6 4. Ba4 Nf6 5. 0-0 b5 6. Bb3 d6 7. Re1 Be7 8. c3 Bg4 9. h3 Bh5 10. d3 0-0 11. Nbd2 Re8 12. Nf1 Bg6 13. Ng3 Nh5 14. Nf1 Na7 15. d4 Bf6 16. a4 exd4 17. cxd4 Bxe4 18. N3h2 g6 19. Ng4 Bh4 20. g3 Bf6 21. Nh6+ Kg7 22. Nxf7 Qd7 23. g4 d5 24. Nh6 g5 25. Nf5+ Bxf5 26. Rxe8 Rxe8 27. gxf5 Nf4 28. Ne3 Nxh3+ 29. Kf1 c6 30. axb5 axb5 31. Ng4 Bd8 32. Qf3 Nf4 33. Bxf4 gxf4 34. Qxf4 Nc8 35. Qh6+ Kh8 36. Nf6 Bxf6 37. Qxf6+ Kg8 38. Qg5+ Kh8 39. f6 Qh3+ 40. Qg2 Qxb3 41. Qg7# 1-0

[Event "GER-ch U25-B"]
[Site "Willingen"]
[Date "2017.06.07"]
[Round "6"]
[White "Pham, Anh Tuan"]
[Black "Reuker, Ronja"]
[Result "0-1"]
[WhiteElo "1017"]
[BlackElo "1213"]
[PlyCount "64"]
[EventDate "2017.06.04"]
[EventType "swiss"]
[EventRounds "9"]
[EventCountry "GER"]
[SourceTitle "CBM 178 Extra"]
[Source "ChessBase"]
[SourceDate "2017.06.22"]
[SourceVersion "1"]
[SourceVersionDate "2017.06.22"]
[SourceQuality "1"]

1. e4 e5 2. Nf3 Nc6 3. d4 exd4 4. Nxd4 Nf6 5. Nc3 Bb4 6. Bg5 0-0 7. Nf3 Re8 8. Bd3 d5 9. Nd2 Qd6 10. Bxf6 Qxf6 11. Nxd5 Bxd2+ 12. Qxd2 Qxb2 13. 0-0 Qe5 14. Rae1 Be6 15. c3 Rad8 16. Bc4 Na5 17. Qe2 Nxc4 18. Qxc4 Bxd5 19. Qa4 a6 20. f4 Qxc3 21. Rd1 Bc6 22. Qb3 Qxb3 23. axb3 Rxd1 24. Rxd1 Bxe4 25. Rd7 c5 26. g3 g6 27. h4 b5 28. Rd2 h5 29. Rb2 Bd5 30. b4 cxb4 31. Rxb4 Bc4 32. Rb2 a5 0-1

[Event "GER-ch U25-B"]
[Site "Willingen"]
[Date "2017.06.06"]
[Round "4"]
[White "Wilmink, Luca"]
[Black "Reuker, Ronja"]
[Result "0-1"]
[WhiteElo "968"]
[BlackElo "1213"]
[PlyCount "102"]
[EventDate "2017.06.04"]
[EventType "swiss"]
[EventRounds "9"]
[EventCountry "GER"]
[SourceTitle "CBM 178 Extra"]
[Source "ChessBase"]
[SourceDate "2017.06.22"]
[SourceVersion "1"]
[SourceVersionDate "2017.06.22"]
[SourceQuality "1"]

1. e4 e5 2. Nf3 Nc6 3. Bc4 Nf6 4. 0-0 Bc5 5. d3 0-0 6. c3 Bb6 7. b4 a6 8. Nbd2 d5 9. exd5 Nxd5 10. Re1 Nxc3 11. Qb3 Bd4 12. Ba3 b5 13. Ne4 bxc4 14. Qxc4 Nxe4 15. Nxd4 Nxd4 16. Rxe4 Re8 17. Rae1 Be6 18. Qc1 f6 19. Bb2 Bf5 20. R4e3 Rb8 21. Bxd4 Qxd4 22. Qc4+ Qxc4 23. dxc4 Rxb4 24. f4 e4 25. Rc3 Rd8 26. a3 Rb6 27. a4 Rb4 28. a5 Ra4 29. h3 h5 30. Rb1 Rxa5 31. Rb7 Rc5 32. Ra7 a5 33. Ra6 Rd4 34. Ra7 Rdxc4 35. Rb3 Rb4 36. Ra3 Rbb5 37. Ra2 e3 38. Re2 Rb1+ 39. Kh2 Rb3 40. Kg3 Ra3 41. Kh4 g6 42. g4 hxg4 43. hxg4 Be6 44. Ra6 Bc4 45. Ra8+ Kf7 46. Rc2 e2 47. Rxe2 Bxe2 48. Ra7 Ra1 49. Ra8 a4 50. Ra7 Rc3 51. f5 Rh1# 0-1

[Event "Niedersachsen-ch op-D"]
[Site "Verden"]
[Date "2017.01.07"]
[Round "5"]
[White "Reuker, Ronja"]
[Black "Schulze, Lukas"]
[Result "0-1"]
[WhiteElo "1302"]
[BlackElo "1367"]
[PlyCount "129"]
[EventDate "2017.01.05"]
[EventType "swiss"]
[EventRounds "7"]
[EventCountry "GER"]
[SourceTitle "CBM 187 Extra"]
[Source "ChessBase"]
[SourceDate "2018.11.04"]
[SourceVersion "1"]
[SourceVersionDate "2018.11.04"]
[SourceQuality "1"]

1. e4 c6 2. Nf3 d5 3. exd5 cxd5 4. d4 Nc6 5. Nc3 Nf6 6. Be2 g6 7. 0-0 Bg7 8. Bf4 0-0 9. Bd3 Bf5 10. Re1 Qb6 11. Rb1 e6 12. Bxf5 gxf5 13. Ne2 Rac8 14. c3 Na5 15. b3 Ne4 16. Qc1 Nc6 17. Qe3 Nf6 18. Ne5 Nxe5 19. dxe5 Qxe3 20. Bxe3 Ng4 21. Bxa7 Bxe5 22. h3 Nf6 23. Nd4 Bxd4 24. Bxd4 Ne4 25. Rbc1 f6 26. f3 e5 27. fxe4 exd4 28. exd5 dxc3 29. Red1 Rfd8 30. Rd3 c2 31. Rd2 Rc5 32. Rdxc2 Rcxd5 33. Rc7 R8d7 34. Rxd7 Rxd7 35. Rc5 Rd1+ 36. Kh2 Rd2 37. a4 Rd3 38. Rc8+ Kf7 39. Rc7+ Ke6 40. Rxb7 h5 41. Rb5 h4 42. a5 Rd6 43. Rb4 Ra6 44. Rxh4 Rxa5 45. Rb4 Kf7 46. Kg3 Kg6 47. Kh4 Ra1 48. Rb8 Kg7 49. b4 Rg1 50. Kg3 f4+ 51. Kf2 Rd1 52. Rb5 Kg6 53. h4 Rh1 54. h5+ Kh6 55. Rf5 Kg7 56. b5 Rd1 57. b6 Rb1 58. Rxf4 Rxb6 59. Rh4 Kh6 60. g4 Kg5 61. Kg3 Rb3+ 62. Kg2 Kxh4 63. h6 Kxg4 64. h7 Rb8 65. Kf2 0-1

[Event "GER-ch U25 op-B"]
[Site "Willingen"]
[Date "2015.05.30"]
[Round "9"]
[White "Reuker, Ronja"]
[Black "Theile, Cedric"]
[Result "0-1"]
[WhiteElo "1102"]
[BlackElo "1116"]
[PlyCount "100"]
[EventDate "2015.05.24"]
[EventType "swiss"]
[EventRounds "9"]
[EventCountry "GER"]
[SourceTitle "CBM 166 Extra"]
[Source "ChessBase"]
[SourceDate "2015.06.18"]
[SourceVersion "1"]
[SourceVersionDate "2015.06.18"]
[SourceQuality "1"]

1. e4 e5 2. Nf3 Nc6 3. Nc3 Nf6 4. Bb5 d6 5. d4 Bd7 6. 0-0 h6 7. Re1 Qe7 8. Nd5 Nxd5 9. exd5 Nb8 10. dxe5 Kd8 11. exd6 Qxd6 12. Ne5 Qf6 13. Nxd7 Nxd7 14. Qg4 Qd6 15. Qe4 Be7 16. Bf4 Qc5 17. Bxd7 Kxd7 18. d6 Bxd6 19. Bxd6 cxd6 20. Qe7+ Kc6 21. Qe4+ Qd5 22. Qxd5+ Kxd5 23. Re7 Rab8 24. Rxf7 g5 25. Rd1+ Ke6 26. Rf3 h5 27. Re3+ Kd7 28. Rde1 Rhe8 29. f3 h4 30. Kf2 b5 31. g3 hxg3+ 32. hxg3 Rbc8 33. c3 a5 34. a3 Rxe3 35. Rxe3 a4 36. Rd3 Ke6 37. Rd4 d5 38. Ke3 Ke5 39. Rg4 Kf5 40. Kd4 Rc4+ 41. Kxd5 Rxg4 42. fxg4+ Kxg4 43. Ke4 Kxg3 44. Kf5 g4 45. Ke4 Kf2 46. Kd5 g3 47. Kc5 g2 48. Kxb5 g1Q 49. c4 Qc1 50. c5 Qxb2+ 0-1

[Event "GER-ch U25 op-B"]
[Site "Willingen"]
[Date "2015.05.28"]
[Round "7"]
[White "Reuker, Ronja"]
[Black "Pahl, Theis"]
[Result "1/2-1/2"]
[WhiteElo "1102"]
[BlackElo "1305"]
[PlyCount "79"]
[EventDate "2015.05.24"]
[EventType "swiss"]
[EventRounds "9"]
[EventCountry "GER"]
[SourceTitle "CBM 166 Extra"]
[Source "ChessBase"]
[SourceDate "2015.06.18"]
[SourceVersion "1"]
[SourceVersionDate "2015.06.18"]
[SourceQuality "1"]

1. e4 e5 2. Nf3 Nc6 3. Bb5 f5 4. d3 fxe4 5. dxe4 Nf6 6. Nc3 Bb4 7. Bg5 d6 8. Qd3 h6 9. Bh4 g5 10. Bg3 Nh5 11. 0-0-0 Bxc3 12. Qxc3 Bd7 13. Bc4 Qf6 14. Rhf1 Nf4 15. Ne1 Nd4 16. Bxf4 Qxf4+ 17. Qe3 0-0-0 18. Qxf4 gxf4 19. f3 b5 20. Bd3 Rhg8 21. c3 Ne6 22. Be2 Nc5 23. Kb1 Bc6 24. Rf2 Rg5 25. Nc2 Rdg8 26. Bf1 a6 27. Nb4 Bb7 28. Nd5 R8g7 29. Rdd2 Nd7 30. c4 Bxd5 31. cxd5 h5 32. Rc2 h4 33. h3 Nf6 34. Rc6 Kb7 35. Rfc2 Nh5 36. b3 Ng3 37. Bd3 Nh5 38. Bf1 Ng3 39. Bd3 Nh5 40. Bf1 1/2-1/2

[Event "GER-ch U25 op-B"]
[Site "Willingen"]
[Date "2015.05.27"]
[Round "6"]
[White "Bardorz, Stefan"]
[Black "Reuker, Ronja"]
[Result "0-1"]
[WhiteElo "1241"]
[BlackElo "1102"]
[PlyCount "148"]
[EventDate "2015.05.24"]
[EventType "swiss"]
[EventRounds "9"]
[EventCountry "GER"]
[SourceTitle "CBM 166 Extra"]
[Source "ChessBase"]
[SourceDate "2015.06.18"]
[SourceVersion "1"]
[SourceVersionDate "2015.06.18"]
[SourceQuality "1"]

1. e4 e5 2. Nf3 Nc6 3. d4 exd4 4. Nxd4 Nf6 5. Nxc6 bxc6 6. Nc3 Bb4 7. Qf3 0-0 8. Bd3 Re8 9. 0-0 d5 10. exd5 cxd5 11. Bg5 Bb7 12. Qf4 Bd6 13. Qf5 Re5 14. Qf4 Re6 15. Qd4 Be5 16. Qc5 Rc6 17. Qb4 Rb6 18. Qh4 h6 19. Bxf6 Qxf6 20. Qxf6 Rxf6 21. Rae1 Re6 22. Na4 Rae8 23. g3 Bd6 24. Rxe6 Rxe6 25. b3 Bc6 26. Nc3 d4 27. Ne2 Bc5 28. c3 dxc3 29. Nxc3 Bf3 30. Nb5 Bb6 31. Rc1 Re7 32. h3 c6 33. Nc3 g5 34. b4 Kg7 35. b5 cxb5 36. Nxb5 Be2 37. Bxe2 Rxe2 38. Ra1 Rxf2 39. Kh1 a6 40. Nd6 Bd4 41. Rd1 Be5 42. Rd5 Bxg3 43. Ne4 Rh2+ 44. Kg1 Bf4 45. Nf2 Bc7 46. Rf5 Kg6 47. Rc5 Rxf2 48. Rc6+ Rf6 49. Rxc7 Rf3 50. Kg2 Ra3 51. Rc2 Kh5 52. Rf2 Kh4 53. Rxf7 Rxa2+ 54. Kf3 Ra3+ 55. Kg2 Rxh3 56. Rf6 Ra3 57. Rxh6+ Kg4 58. Rd6 a5 59. Rd4+ Kf5 60. Rd5+ Kg6 61. Rd6+ Kh5 62. Rd5 a4 63. Rd4 g4 64. Rd5+ Kh4 65. Rd4 Ra2+ 66. Kg1 Kh3 67. Rd3+ g3 68. Rd1 a3 69. Rc1 Rg2+ 70. Kf1 Kh2 71. Rc3 a2 72. Ra3 Rb2 73. Ke1 g2 74. Rxa2 g1Q# 0-1

[Event "Niedersachsen-ch U12"]
[Site "Norderney"]
[Date "2014.04.15"]
[Round "8"]
[White "Reuker, Ronja"]
[Black "Wolterink, Jule"]
[Result "0-1"]
[WhiteElo "995"]
[BlackElo "886"]
[PlyCount "118"]
[EventDate "2014.04.??"]
[EventType "swiss"]
[EventRounds "11"]
[EventCountry "GER"]
[SourceTitle "EXT 2017"]
[Source "ChessBase"]
[SourceDate "2016.10.25"]
[SourceVersion "1"]
[SourceVersionDate "2016.10.25"]
[SourceQuality "1"]

1. e4 e6 2. Nf3 d5 3. Nc3 Nf6 4. e5 Nfd7 5. d4 c5 6. dxc5 Bxc5 7. Bd3 0-0 8. Bxh7+ Kxh7 9. Ng5+ Kg8 10. Qh5 Re8 11. Qh7+ Kf8 12. Qh8+ Ke7 13. Qxg7 Rf8 14. Bf4 Nc6 15. Nh7 Ke8 16. Nb5 Qa5+ 17. Nc3 Qb6 18. 0-0 Qxb2 19. Na4 Qb4 20. Nxc5 Qxc5 21. h4 Qxc2 22. h5 Qf5 23. Bh6 Ncxe5 24. Nxf8 Ke7 25. Nxd7 Bxd7 26. Bg5+ Kd6 27. h6 Ng6 28. Bf6 Nf8 29. Qxf7 Qh7 30. Qh5 Qg6 31. Qxg6 Nxg6 32. h7 Rf8 33. Bg7 Re8 34. Rab1 b6 35. Rfe1 Ke7 36. Re3 Kf7 37. Bc3 e5 38. Rbe1 Kg7 39. Bxe5+ Kxh7 40. Rh3+ Bxh3 41. gxh3 Nxe5 42. Kg2 d4 43. f4 Rg8+ 44. Kf2 Nd3+ 45. Ke2 Nxe1 46. Kxe1 Rf8 47. Kd2 Rxf4 48. Kd3 Rh4 49. Kc4 b5+ 50. Kd3 a5 51. a3 b4 52. axb4 axb4 53. Kc4 Rh6 54. Kxd4 Rb6 55. Kd3 b3 56. h4 b2 57. Kd4 b1Q 58. Kd5 Qf5+ 59. Kc4 Re6 0-1

[Event "Niedersachsen-ch U12"]
[Site "Norderney"]
[Date "2014.04.12"]
[Round "2"]
[White "Reuker, Ronja"]
[Black "Moenster, Madita"]
[Result "0-1"]
[WhiteElo "995"]
[BlackElo "1637"]
[PlyCount "118"]
[EventDate "2014.04.??"]
[EventType "swiss"]
[EventRounds "11"]
[EventCountry "GER"]
[SourceTitle "EXT 2017"]
[Source "ChessBase"]
[SourceDate "2016.10.25"]
[SourceVersion "1"]
[SourceVersionDate "2016.10.25"]
[SourceQuality "1"]

1. e4 c5 2. f4 d6 3. Nf3 Nc6 4. d4 cxd4 5. Nxd4 Nf6 6. Nc3 Bd7 7. Be3 e6 8. Be2 a6 9. 0-0 Be7 10. Qd2 b5 11. a3 Qc7 12. Rad1 0-0 13. f5 Nxd4 14. Bxd4 e5 15. Be3 Bc6 16. Nd5 Nxd5 17. exd5 Bd7 18. Qe1 Bf6 19. Bd3 Rfe8 20. Be4 Qd8 21. Qg3 Rc8 22. Qg4 Rc4 23. Rf3 Kh8 24. Rh3 Re7 25. Re1 Qc8 26. Re2 Rxe4 27. Qxe4 Bxf5 28. Qb4 Bxh3 29. gxh3 Rd7 30. Qg4 Rc7 31. Qg2 Qf5 32. Rf2 Qg6 33. Qxg6 hxg6 34. c3 e4 35. Bh6 g5 36. Rf5 Kh7 37. Bxg5 Kg6 38. Bxf6 Kxf5 39. Bxg7 f6 40. Bf8 Ke5 41. Bh6 Rh7 42. Bd2 Rxh3 43. Kg2 Rf3 44. h4 f5 45. Bg5 f4 46. h5 Kf5 47. Be7 Rg3+ 48. Kf2 e3+ 49. Ke2 Ke4 50. Bh4 f3+ 51. Kf1 e2+ 52. Kf2 Rg2+ 53. Ke1 Rg1+ 54. Kd2 Rd1+ 55. Kc2 e1Q 56. Bxe1 Rxe1 57. Kd2 f2 58. h6 f1Q 59. h7 Qe2# 0-1

[Event "Niedersachsen-ch U12"]
[Site "Norderney"]
[Date "2014.04.12"]
[Round "1"]
[White "Von Estorff, Jacob"]
[Black "Reuker, Ronja"]
[Result "1-0"]
[WhiteElo "1490"]
[BlackElo "995"]
[PlyCount "55"]
[EventDate "2014.04.??"]
[EventType "swiss"]
[EventRounds "11"]
[EventCountry "GER"]
[SourceTitle "EXT 2017"]
[Source "ChessBase"]
[SourceDate "2016.10.25"]
[SourceVersion "1"]
[SourceVersionDate "2016.10.25"]
[SourceQuality "1"]

1. f4 d5 2. Nf3 Nc6 3. e3 Bf5 4. d3 Nf6 5. Nbd2 e6 6. Nb3 Bd6 7. Be2 0-0 8. 0-0 e5 9. fxe5 Nxe5 10. Nxe5 Bxe5 11. Rxf5 Qd6 12. g3 Bxg3 13. Qf1 Bxh2+ 14. Kh1 Rae8 15. Qg2 Bg3 16. Rg5 Ne4 17. dxe4 Qh6+ 18. Rh5 Qxh5+ 19. Bxh5 Re5 20. Qxg3 Rxh5+ 21. Kg2 f6 22. Qxc7 Rg5+ 23. Kf2 Re8 24. Nd4 dxe4 25. Qd7 Rb8 26. Ne6 Rg6 27. Nd8 b6 28. Qe8# 1-0

[Event "GER-ch U25 op-B"]
[Site "Oberhof"]
[Date "2013.05.25"]
[Round "9"]
[White "Grimm, Nicola Marie"]
[Black "Reuker, Ronja"]
[Result "1-0"]
[WhiteElo "967"]
[BlackElo "870"]
[PlyCount "71"]
[EventDate "2013.05.19"]
[EventType "swiss"]
[EventRounds "9"]
[EventCountry "GER"]
[SourceTitle "CBM 154 Extra"]
[Source "ChessBase"]
[SourceDate "2013.06.25"]
[SourceVersion "2"]
[SourceVersionDate "2013.06.25"]
[SourceQuality "1"]

1. d4 d5 2. Bf4 Nf6 3. Nf3 Nc6 4. e3 a6 5. c3 e6 6. Bd3 Bd6 7. Bg3 0-0 8. Qc2 Re8 9. Ng5 g6 10. Be5 Nxe5 11. dxe5 Bxe5 12. h4 Nh5 13. Nd2 Bf6 14. Ndf3 e5 15. e4 Bg4 16. Be2 h6 17. Nh3 Bxf3 18. Bxf3 Bxh4 19. 0-0-0 d4 20. Bxh5 gxh5 21. Qe2 Bg5+ 22. Kb1 h4 23. g3 hxg3 24. fxg3 Be3 25. Qg4+ Qg5 26. Nxg5 hxg5 27. Qh5 Kf8 28. Qh8+ Ke7 29. Qxe5+ Kd7 30. Qf5+ Ke7 31. cxd4 f6 32. Rh7+ Kd8 33. Qd5+ Kc8 34. Qd7+ Kb8 35. Qxc7+ Ka7 36. Qxb7# 1-0

[Event "GER-ch U25 op-B"]
[Site "Oberhof"]
[Date "2013.05.23"]
[Round "7"]
[White "Kalina, Joshua"]
[Black "Reuker, Ronja"]
[Result "1/2-1/2"]
[WhiteElo "1021"]
[BlackElo "870"]
[PlyCount "99"]
[EventDate "2013.05.19"]
[EventType "swiss"]
[EventRounds "9"]
[EventCountry "GER"]
[SourceTitle "CBM 154 Extra"]
[Source "ChessBase"]
[SourceDate "2013.06.25"]
[SourceVersion "2"]
[SourceVersionDate "2013.06.25"]
[SourceQuality "1"]

1. e4 e5 2. Nf3 Nc6 3. d4 exd4 4. Nxd4 Nf6 5. Nxc6 bxc6 6. e5 Qe7 7. Qe2 Nd5 8. c4 Ba6 9. b3 g6 10. Qe4 Nb4 11. a3 d5 12. Qe2 Bb7 13. axb4 Qxb4+ 14. Nd2 Qc3 15. Ra2 Qxc1+ 16. Qd1 Qxd1+ 17. Kxd1 Bg7 18. Nf3 Bc8 19. cxd5 cxd5 20. Bb5+ Bd7 21. Bxd7+ Kxd7 22. Ng5 Ke7 23. Rc2 Bxe5 24. Re1 Kf6 25. Rxe5 Kxe5 26. Nxf7+ Kf6 27. Nxh8 Rxh8 28. Rxc7 a6 29. Rc6+ Ke5 30. Rxa6 Rf8 31. Ke2 Rb8 32. Ra3 d4 33. Kd3 Rb4 34. g3 h5 35. f3 Kf5 36. Ra5+ Kf6 37. Ke4 Rxb3 38. Rd5 Rb2 39. h4 Rg2 40. Kf4 Rd2 41. Ke4 Rg2 42. Kf4 Rd2 43. g4 hxg4 44. fxg4 Rf2+ 45. Kg3 Rd2 46. Kf4 Rf2+ 47. Ke4 Rh2 48. Rxd4 Rxh4 49. Kf4 g5+ 50. Kg3 1/2-1/2

[Event "GER-ch U25 op-B"]
[Site "Oberhof"]
[Date "2013.05.21"]
[Round "4"]
[White "Kung, Fanny"]
[Black "Reuker, Ronja"]
[Result "0-1"]
[WhiteElo "1052"]
[BlackElo "870"]
[PlyCount "132"]
[EventDate "2013.05.19"]
[EventType "swiss"]
[EventRounds "9"]
[EventCountry "GER"]
[SourceTitle "CBM 154 Extra"]
[Source "ChessBase"]
[SourceDate "2013.06.25"]
[SourceVersion "2"]
[SourceVersionDate "2013.06.25"]
[SourceQuality "1"]

1. e4 e5 2. Nf3 Nc6 3. Bc4 Nf6 4. Ng5 d5 5. exd5 b5 6. Bxb5 Qxd5 7. Ba4 Qxg2 8. Bxc6+ Qxc6 9. Rg1 Bf5 10. Nc3 Bc5 11. Rf1 Qg2 12. Qf3 Qxf3 13. Nxf3 e4 14. Ng5 h6 15. Ngxe4 Nxe4 16. Nb5 Bb6 17. d4 c6 18. Na3 Bxd4 19. c3 Bh3 20. cxd4 Bxf1 21. Kxf1 0-0-0 22. Be3 Rhe8 23. Rc1 Kc7 24. Bf4+ Kb6 25. b4 Kb7 26. b5 cxb5 27. Nxb5 a6 28. Rc7+ Kb6 29. Na3 Rxd4 30. Rxf7 Nc3 31. Be3 Rxe3 32. fxe3 Rg4 33. Kf2 Nxa2 34. Kf3 Ra4 35. Nc2 Rh4 36. e4 Rxh2 37. Rxg7 Rxc2 38. e5 Rc6 39. Re7 Nb4 40. Re8 Kc7 41. e6 Kd6 42. Kf4 Rc5 43. Kg4 Re5 44. Kf4 Rxe6 45. Rd8+ Kc5 46. Rc8+ Rc6 47. Rxc6+ Kxc6 48. Kg4 a5 49. Kh5 a4 50. Kxh6 a3 51. Kg5 a2 52. Kf4 a1Q 53. Ke4 Qa5 54. Kd4 Qc5+ 55. Ke4 Qd5+ 56. Kf4 Kd6 57. Kg4 Qe5 58. Kh4 Qf5 59. Kg3 Ke5 60. Kh4 Ke4 61. Kg3 Qf4+ 62. Kh3 Ke3 63. Kg2 Qf3+ 64. Kh2 Qg4 65. Kh1 Kf2 66. Kh2 Qg2# 0-1

[Event "GER-ch U25 op-B"]
[Site "Oberhof"]
[Date "2013.05.19"]
[Round "2"]
[White "Reuker, Ronja"]
[Black "Lange, Cecilia"]
[Result "0-1"]
[WhiteElo "870"]
[BlackElo "1116"]
[PlyCount "68"]
[EventDate "2013.05.19"]
[EventType "swiss"]
[EventRounds "9"]
[EventCountry "GER"]
[SourceTitle "CBM 154 Extra"]
[Source "ChessBase"]
[SourceDate "2013.06.25"]
[SourceVersion "2"]
[SourceVersionDate "2013.06.25"]
[SourceQuality "1"]

1. e4 e5 2. Nf3 Nc6 3. Bb5 a6 4. Bc4 Bc5 5. d3 Nf6 6. Nc3 h6 7. Nd5 Nxd5 8. exd5 Na5 9. Nxe5 Qe7 10. Qe2 d6 11. Nf3 Qxe2+ 12. Kxe2 b5 13. d4 Bxd4 14. Bxb5+ axb5 15. Nxd4 Rb8 16. b4 Nc4 17. a4 bxa4 18. Rxa4 Nb6 19. Ra7 Nxd5 20. Nc6 Rb6 21. Ra8 Kd7 22. Nb8+ Rxb8 23. Rxb8 Ba6+ 24. b5 Rxb8 25. bxa6 Ra8 26. Rd1 Nc3+ 27. Kd2 Nxd1 28. Kxd1 Rxa6 29. Bb2 g5 30. Bg7 h5 31. Bf6 g4 32. Bh4 Ra1+ 33. Ke2 Ke6 34. Ke3 Ke5 0-1

[Event "GER-ch U25 op-B"]
[Site "Oberhof"]
[Date "2013.05.19"]
[Round "1"]
[White "Schluckner, Paul Leopold"]
[Black "Reuker, Ronja"]
[Result "1-0"]
[WhiteElo "1259"]
[BlackElo "870"]
[PlyCount "31"]
[EventDate "2013.05.19"]
[EventType "swiss"]
[EventRounds "9"]
[EventCountry "GER"]
[SourceTitle "CBM 154 Extra"]
[Source "ChessBase"]
[SourceDate "2013.06.25"]
[SourceVersion "2"]
[SourceVersionDate "2013.06.25"]
[SourceQuality "1"]

1. e4 e5 2. Nf3 Nc6 3. Bc4 Nf6 4. Ng5 d5 5. exd5 Nxd5 6. Nxf7 Kxf7 7. Qf3+ Ke6 8. Nc3 Ncb4 9. 0-0 c6 10. Bb3 Ke7 11. Re1 Qd6 12. d4 Nxc3 13. Qf7+ Kd8 14. Bf4 Qxd4 15. Bg5+ Be7 16. Qxe7# 1-0

[Event "Niedersachsen-ch U18 Girls"]
[Site "Rotenburg"]
[Date "2013.03.23"]
[Round "2"]
[White "Schwabenland, Julia"]
[Black "Reuker, Ronja"]
[Result "1-0"]
[WhiteElo "758"]
[BlackElo "858"]
[PlyCount "49"]
[EventDate "2013.03.23"]
[EventType "swiss"]
[EventRounds "9"]
[EventCountry "GER"]
[SourceTitle "EXT 2015"]
[Source "ChessBase"]
[SourceDate "2014.11.20"]
[SourceVersion "1"]
[SourceVersionDate "2014.11.20"]
[SourceQuality "1"]

1. e4 e5 2. Nf3 Nc6 3. Bc4 Nf6 4. Nc3 Nxe4 5. Nxe4 d5 6. Nc5 Bxc5 7. Bb5 0-0 8. d3 Bg4 9. Bg5 f6 10. Bh4 Nd4 11. c3 Nxb5 12. Qb3 c6 13. h3 Bf5 14. Rd1 e4 15. Nd4 Nxd4 16. cxd4 Bxd4 17. dxe4 Bxe4 18. Rxd4 Bxg2 19. Rh2 Re8+ 20. Kd1 Re4 21. Rd2 Bf1 22. Qxb7 Rxh4 23. Rh1 Bxh3 24. Rg1 Rc8 25. Qxg7# 1-0